|
|
|
|
| LEADER |
00000nam0a2200000 4500 |
| 001 |
296472 |
| 005 |
20231102000917.0 |
| 020 |
|
|
|a RU
|b 84-37766
|
| 035 |
|
|
|a (RuTPU)RU\TPU\book\321579
|
| 090 |
|
|
|a 296472
|
| 100 |
|
|
|a 20150601d1984 km y0rusy5003 ca
|
| 101 |
0 |
|
|a rus
|
| 102 |
|
|
|a UA
|
| 105 |
|
|
|a a g 001zy
|
| 200 |
1 |
|
|a Справочник по инженерно-геодезическим изысканиям для линейного строительства
|f И. Е. Субботин, А. С. Мазницкий
|
| 205 |
|
|
|a 2-е изд., перераб. и доп.
|
| 210 |
|
|
|a Киев
|c Будiвельник
|d 1984
|
| 215 |
|
|
|a 151 с.
|c ил.
|
| 320 |
|
|
|a Библиогр.: с. 149-150
|
| 606 |
1 |
|
|a Геодезические работы на строительстве
|2 stltpush
|3 (RuTPU)RU\TPU\subj\5991
|9 33965
|
| 610 |
1 |
|
|a инженерная геодезия
|
| 610 |
1 |
|
|a инженерные сооружения линейные
|
| 610 |
1 |
|
|a справочники
|
| 610 |
1 |
|
|a геодезические приборы
|
| 610 |
1 |
|
|a геодезические измерения
|
| 610 |
1 |
|
|a изыскания
|
| 610 |
1 |
|
|a железные дороги
|
| 610 |
1 |
|
|a автомобильные дороги
|
| 610 |
1 |
|
|a линии электропередачи
|
| 610 |
1 |
|
|a магистральные трубопроводы
|
| 610 |
1 |
|
|a контроль
|
| 610 |
1 |
|
|a приемка
|
| 675 |
|
|
|a 69:528(035)
|z rus
|v 3
|
| 700 |
|
1 |
|a Субботин
|b И. Е.
|g Иван Егорович
|4 070
|
| 701 |
|
1 |
|a Мазницкий
|b А. С.
|g Анатолий Саввич
|4 070
|
| 801 |
|
0 |
|a RU
|b RuMRKP
|c 19950704
|g psbo
|
| 801 |
|
1 |
|a RU
|b 63413507
|c 20150601
|
| 801 |
|
2 |
|a RU
|b 63413507
|c 20181031
|g RCR
|
| 942 |
|
|
|c BK
|